00896nam a2200193 i 450000100060000000300090000600500170001500700030003200800410003510000210007624503620009725000140045926000820047330000340055565000270058965000230061670000390063985200240067898761ES-MaACL20230906182358.0t|051024s1862 sp ||||1| spa d1 aElwart, Antoine.10aManual de armonía, de acompañamiento de bajo numerado, de reducción de la partitura al piano y de la transposición musical b: conteniendo además reglas para llegar a escribir el bajo o acompañamiento... / cpor A. Elwart... ; traducido de la 3ª ed. (que ha sido corregida y considerablemente aumentada por el autor) por... Sr. de Valldemosa... aNueva ed. aMadrid : bAntonio Romero y Andía, c[ca. 1862] (fImp. José M. Ducazcal) a46 p., 13 h. pleg. ; c22 cm.14aArmonía-vMétodos.14aPiano-vMétodos.1 aFrontera de Valldemosa, Francisco. aES-MaACLjT-974-F-3